Statistics for Things Pokémon are based on

Click here to take the quiz!

General Stats

  • This quiz has been taken 36 times
  • The average score is 10 of 21

Answer Stats

HintPokémon% Correct
TurtleSquirtle
96%
Tiger swallowtail caterpillarCaterpie
85%
PterodactylAerodactyl
81%
MoleDiglett
77%
KangarooKangaskhan
77%
BullTauros
77%
DodoDoduo
73%
Translucent tadpolePoliwag
65%
Pitcher plantBellsprout
65%
Sea starStarmie
62%
Praying mantisScyther
42%
PleisiosaurusLapras
38%
Rafflesia flowerVileplume
27%
Baku/tapirDrowzee
23%
FoetusMew
19%
PangolinSandslash
19%
HippoSlowpoke
15%
RaijinElectabuzz
12%
KaruraMagmar
12%
Portuguese man o' warTentacool
8%
YamanbaJynx
4%

Score Distribution

Percentile by Number Answered

Percent of People with Each Score

Your Score History

You have not taken this quiz